书目信息 |
| 题名: |
儒道稀疏观
|
|
| 作者: | 王文元 | |
| 分册: | ||
| 出版信息: | 北京 北京燕山出版社 2015.06 |
|
| 页数: | 319页 | |
| 开本: | 20cm | |
| 丛书名: | ||
| 单 册: | ||
| 中图分类: | B215 | |
| 科图分类: | ||
| 主题词: | 哲学--中国 | |
| 电子资源: | ||
| ISBN: | 7-5402-3845-3 | |
| 000 | 00576nam0 2200205 450 | |
| 001 | 2807 | |
| 005 | 20161206085217.64 | |
| 010 | @a7-5402-3845-3@dCNY58.00 | |
| 100 | @a20150810d2015 km y0chiy0120 ea | |
| 101 | 0 | @achi |
| 102 | @aCN@b110000 | |
| 200 | 1 | @a儒道稀疏观@Aru dao xi shu guan@f王文元@Fwang wen yuan |
| 210 | @a北京@c北京燕山出版社@d2015.06 | |
| 215 | @a319页@d20cm | |
| 330 | @a古代哲学·研究·中国 | |
| 606 | 0 | @a哲学@x中国 |
| 690 | @aB215@v4 | |
| 701 | 0 | @a王文元@Awang wen yuan |
| 801 | 0 | @aCN@b大连网信软件有限公司图书馆·11@c20161206 |
| 905 | @aZUCC@dB215@e157 | |
| 儒道稀疏观/王文元.-北京:北京燕山出版社,2015.06 |
| 319页;20cm |
| ISBN 7-5402-3845-3:CNY58.00 |
| 古代哲学·研究·中国 |
| ● |
| 相关链接 |
|
|
|
|
正题名:儒道稀疏观
索取号:B215/157
 
预约/预借
| 序号 | 登录号 | 条形码 | 馆藏地/架位号 | 状态 | 备注 |
| 1 | 911324 | 209113243 | 第一样本阅览室/ [索取号:B215/157] | 在馆 | |
| 2 | 911325 | 209113252 | 第一借阅区/ [索取号:B215/157] | 在馆 | |
| 3 | 911326 | 209113261 | 第一借阅区/ [索取号:B215/157] | 在馆 | |
| 4 | 911327 | 209113270 | 第一借阅区/ [索取号:B215/157] | 在馆 | |
| 5 | 911328 | 209113289 | 第一借阅区/ [索取号:B215/157] | 在馆 |